| 000 | 00391 a2200145 4500 | ||
|---|---|---|---|
| 020 | _a8186104321 | ||
| 082 | _a658 | ||
| 090 |
_c5169 _d5169 |
||
| 100 | _aSubhash C. Sethi, Vandana Sethi | ||
| 245 |
_aQuestion o People Management _bIllustrated Series on Management |
||
| 260 |
_aNew Delhi, India _bBeacon Books _c1997 |
||
| 300 | _a198 | ||
| 500 | _apapercover | ||
| 942 |
_aNBS _cBK _k658 SET |
||
| 999 |
_c347589 _d347589 |
||